00331nam a22001337a 4500008004100000020002200041082001000063100001600073245003000089260003500119300002000154942000800174999001500182230217b |||||||| |||| 00| 0 eng d a978-81-7599-316-7 a823.7 aMary Shelly aFrankensteincMary Shelly aNew Delhi;bFingerPrint,c2015 a248 p.c19.9 cm 2ddc c9302d9303